<?xml version="1.0" encoding="UTF-8"?><OAI-PMH xmlns="http://www.openarchives.org/OAI/2.0/" xmlns:xsi="http://www.w3.org/2001/XMLSchema-instance"     xsi:schemaLocation="http://www.openarchives.org/OAI/2.0/ http://www.openarchives.org/OAI/2.0/OAI-PMH.xsd"><responseDate>2026-07-04T20:48:45Z</responseDate><request verb="GetRecord" identifier="oai:regmurcia.com:fintegr.2813" metadataPrefix="marc21">http://oai.regmurcia.com/oai2/oai2.php</request><GetRecord><record><header><identifier>oai:regmurcia.com:fintegr.2813</identifier><datestamp>2026-07-04</datestamp><setSpec>documentos</setSpec></header><metadata><record  xmlns="http://www.loc.gov/MARC21/slim" xmlns:xsi="http://www.w3.org/2001/XMLSchema-instance" xsi:schemaLocation="http://www.loc.gov/MARC21/slim http://www.loc.gov/standards/marcxml/schema/MARC21slim.xsd" type="Bibliographic"><leader>00000nam a2200000   4500</leader><controlfield tag="001" >005197616</controlfield><controlfield tag="003" >2813</controlfield><controlfield tag="004" >A00000000</controlfield><datafield tag="245" ind1=" " ind2=" "><subfield code="a">Provisión de Felipe IV al corregidor de Murcia, ordenando restituir a Murcia el cargamento de trigo que la justicia de Jumilla le embargó sin tener derecho a ello.</subfield></datafield><datafield tag="300" ind1=" " ind2=" "><subfield code="a">Fol. 167</subfield></datafield><datafield tag="300" ind1=" " ind2=" "><subfield code="c">310 x 210 mm.</subfield></datafield><datafield tag="300" ind1=" " ind2=" "><subfield code="a">10 fols.</subfield></datafield><datafield tag="351" ind1=" " ind2=" "><subfield code="a">Unidad Documental Simple</subfield><subfield code="c">Archivo de Murcia. Array</subfield><subfield code="a">Unidad Documental Simple</subfield><subfield code="c">Archivo de Murcia. Array</subfield></datafield><datafield tag="351" ind1=" " ind2=" "><subfield code="b">Doc. 88</subfield></datafield><datafield tag="506" ind1=" " ind2=" "><subfield code="a">Acceso restringido</subfield></datafield><datafield tag="520" ind1=" " ind2=" "><subfield code="a">Felipe IV ordena al corregidor que restituya a la ciudad de Murcia los cuatro carros cargados de trigo que la justicia de la villa de Jumilla embargó cuando atravesaron su jurisdicción, al tiempo que se incide en la obligación de todas las ciudades y villas del reino de permitir la libre circulación del trigo que se transporta hacia Murcia para paliar la escasez de abastecimiento motivada por las recientes malas cosechas. Incluye las notificaciones de dicha provisión a los alcaldes de Cieza, Hellín, Tobarra, Jumilla, Abarán y Blanca.</subfield></datafield><datafield tag="583" ind1=" " ind2=" "><subfield code="u">http://www.regmurcia.com/servlet/s.Sl?METHOD=VERDOCUMENTO&amp;sit=serv,Carmesi&amp;n=/01/5195/indice.djvu</subfield></datafield><datafield tag="592" ind1=" " ind2=" "><subfield code="a">1663-09-18</subfield></datafield><datafield tag="592" ind1=" " ind2=" "><subfield code="d">1663-09-18 00:00:00</subfield></datafield><datafield tag="651" ind1=" " ind2=" "><subfield code="a">Granada</subfield></datafield><datafield tag="786" ind1=" " ind2=" "><subfield code="o">http://www.regmurcia.com/servlet/s.Sl?METHOD=VERDOCUMENTO&amp;sit=serv,Carmesi&amp;n=/01/5195/indice.djvu</subfield></datafield><datafield tag="856" ind1=" " ind2=" "><subfield code="u">http://www.regmurcia.com/servlet/s.Sl?METHOD=DETALLE&amp;sit=c,373,m,139,serv,Carmesi&amp;id=2813</subfield></datafield></record></metadata></record></GetRecord></OAI-PMH>
